Podniková organizace management. Odborný časopis pro manažery a podnikatele

Guardado en:
Detalles Bibliográficos
Formato: Seriadas
Lenguaje:checo
Publicado: Praha VUSTE-SERVIS 1993
Materias:
Etiquetas: Agregar Etiqueta
Sin Etiquetas, Sea el primero en etiquetar este registro!

MARC

LEADER 00000nas2a2200000 4500
001 s013950
005 20041019155328.8
022 |a 0032-1869 
041 0 |a cze 
044 |a CZ 
245 1 0 |a Podniková organizace  |b management. Odborný časopis pro manažery a podnikatele 
264 1 |a Praha  |b VUSTE-SERVIS  |c 1993 
300 |a 2 zv. 
773 0 |w eu_un_cat*s120215 
610 2 0 |a organizácia podniku 
610 2 0 |a manažment